Echte Nederlandse Plaatsen (Sudden Death) - Statistieken

Algemene statistieken
  • Deze quiz is 76 keer genomen
  • De gemiddelde score is 5 van 25
Answers on the Grid
Answers color-coded by a green-red scale on the quiz's grid according to % correct below.
Waterlandkerkje
Poekelbad
Muggenbeet
Groenevoeten
Moordhuizen
Wevermarkt
De Hulk
Zwijnen
Monster
Kreijsen
Kleine Huisjes
Paardentoren
Usquert
Hoogvertier
De Hel
Jammeren
Roggel
Heenweer
Sexbierum
Tweede Gaard
Partij
Toeteren
Egypte
Brak
Schimmelarij
Langejansveld
Oventje
Lang Gelee
Botshoofd
Kraakhelder
Hongerige Wolf
Rijndonk
Barnflair
Flutsdam
Punthorst
Schierst
Koewacht
Steeën
Verloreneinde
Ternauwernood
Pingjum
Boterhond
Dorst
Nieuzen
Drie
Gorcht
Een
Twee
Lutjelollum
Sint Pannekoek
 
Antwoordstatistieken
Antwoord % Correct
Sexbierum
58%
Monster
53%
Een
35%
Koewacht
33%
Muggenbeet
33%
Hongerige Wolf
30%
Usquert
30%
Dorst
28%
Waterlandkerkje
28%
Egypte
26%
Roggel
23%
De Hel
21%
De Hulk
19%
Drie
19%
Moordhuizen
19%
Pingjum
16%
Punthorst
16%
Kleine Huisjes
14%
Lutjelollum
14%
Partij
9%
Barnflair
7%
Verloreneinde
7%
Botshoofd
5%
Schimmelarij
2%
Oventje
0%
Geen overeenkomende quizzen gevonden
Scoreverdeling
Procent van Mensen met Elke Score
Percentiel versus Aantal Correcte Antwoorden
Uw Scoregeschiedenis
U heeft deze quiz nog niet genomen